00322nam a22000977a 4500008004100000020001500041082002000056245006600076260006900142300001300211230627b xxu||||| |||| 00| 0 eng d a9966948864 a338.2bMEC 2003 aPetroleum Market Structire and Pricing Following Deregulation aNairobibInstitute for Public Policy Research and Analysisc2003 aVIII,30p